00394nam a22001457a 4500003000400000005001700004008004100021020001800062040000900080082001700089100002000106245004900126260006400175300000900239OSt20221110152822.0221103b ||||| |||| 00| 0 eng d a9780070655737 coclc a641.2bAND/F1 aAndrews, Sudhir aFood & beverage management /cAndrews Sudhir aDelhi:bmc Graw hill education india private limited,c2016 a588p